The External Control of Organizations : A Resource Dependence Perspective /
Guardat en:
| Autor principal: | |
|---|---|
| Altres autors: | |
| Format: | Llibre |
| Idioma: | anglès |
| Publicat: |
Sanford, EUA :
Standford Business Classics,
2003, c2003
|
| Matèries: | |
| Etiquetes: |
Sense etiquetes, Sigues el primer a etiquetar aquest registre!
|
MARC
| LEADER | 00000nam^a2200000^a^4500 | ||
|---|---|---|---|
| 001 | 000162481 | ||
| 005 | 20250521000000.0 | ||
| 009 | 20260310100833.218 | ||
| 020 | |a 0-8047-4789-X | ||
| 037 | |a Acervo ITESO - Biblioteca | ||
| 041 | |a ING | ||
| 082 | |a 302. 35 |b PFE | ||
| 100 | |a Pfeffer, Jeffrey |e (autor) | ||
| 245 | 1 | 4 | |a The External Control of Organizations : |b A Resource Dependence Perspective / |c J. Pfeffer, G.R. Salancik. |
| 264 | 4 | |a Sanford, EUA : |b Standford Business Classics, |c 2003, c2003 | |
| 300 | |a XXXIII, 300 p. | ||
| 336 | |a texto |b txt |2 rdacontenido | ||
| 337 | |a sin mediación |b n |2 rdamedio | ||
| 338 | |a volumen |b nc |2 rdasoporte | ||
| 649 | |a XX | ||
| 650 | |a Toma de Decisiones | ||
| 650 | |a Planeación Estratégica | ||
| 650 | |a Planeación Administrativa | ||
| 650 | |a Proceso Administrativo | ||
| 650 | |a Instituciones - |x Aspectos Sociales y Culturales | ||
| 650 | |a Administración | ||
| 650 | |a Mercado | ||
| 650 | |a Oferta y Demanda | ||
| 650 | |a Competencia (Economía) | ||
| 650 | |a Capitalización | ||
| 650 | |a Grupos Sociales | ||
| 650 | |a Conducta Grupal | ||
| 650 | |a Presión Social | ||
| 650 | |a Conflicto Social | ||
| 650 | |a Sanción Social | ||
| 650 | |a Negociación y Mediación | ||
| 650 | |a Legitimidad e Ilegitimidad | ||
| 650 | |a Regulación Económica | ||
| 650 | |a Roles | ||
| 650 | |a Redes Sociales | ||
| 650 | |a Dependencia Económica | ||
| 650 | |a Control Social | ||
| 650 | |a Control Político | ||
| 650 | |a Poder (Ciencias Sociales) | ||
| 650 | |a Teoría de Sistemas | ||
| 650 | |a Empresa y Sociedad | ||
| 650 | |a Sociología de la Cultura | ||
| 650 | |a Sociología de la Economía | ||
| 700 | |a Salanckik, Gerald R. |e (autor) | ||
| 910 | |a Fondo General | ||
| 920 | |a Impresos - Libros | ||
| 930 | |a Colección General | ||
| 905 | |a 101 | ||
| 901 | |a 0500096653 |b IT1 |c ACC |u 20250521 | ||
| 902 | |a https://opac.biblio.iteso.mx/vufind/Record/000162481 | ||